000 00331nam a2200133Ia 4500
008 240126s9999 xx 000 0 und d
041 _aEnglish
100 _aMorris, Kirsten A.
245 0 _aIntroduction to Feedback Control
260 _bHarcourt/Academic Press
440 _aNULL
650 _aFeedback,Control
942 _cNP
999 _c277746
_d277746